Statistiques concernant Game of Thrones : Les Sept Couronnes

Cliquez ici pour prendre le quiz!

Statistiques générales

  • Ce quiz a été pris 284 fois
  • Le résultat moyen est 6 sur 7

Statistiques - réponses

EmblèmesMaison% Correct
LoupStark
99%
LionLannister
98%
CerfBaratheon
93%
Rose d'orTyrell
85%
TruiteTully
76%
Soleil rougeMartell
71%
FauconArryn
63%

Distribution des résultats

Percentile par nombre de réponses

% des personnes avec chaque résultat

Votre développement - résultats

Vous n’avez pas pris ce quiz